000 00920nam0a2200265 4500
001 RU\NLR\bibl\2015599
005 20260406145958.0
010 _a978-5-17-072611-0
_95000
021 _aRU
_b2013-17150
_91211
035 _a(NLR Aleph) 002004001
090 _a4399378
_c4399378
100 _a20130325d2012 |||y0rusy50 ca
101 0 _arus
102 _aRU
105 _ay |||||||||
200 1 _aСказки, стихи, песенки, азбуки
_e[для дошкольного возраста]
_fС. Маршак
210 _aМосква
_cПланета детства [и др.]
_d2012
215 _a478, [1] с.
_cцв. ил.
_d22
700 1 _4070
_8rus
_7ca
_aМаршак
_bС. Я.
_f1887-1964
_gСамуил Яковлевич
_3RU\NLR\auth\774792
_9114767
801 0 _aRU
_bNLR
_c20130325
_gRCR
801 1 _aRU
_bNLR
_c20130325
830 _aавт. по кн.
942 _cBOOK
980 _aNB